| 000 | 00000nam 2200000za 4500 |
| 001 | 9.856171 |
| 003 | CaOODSP |
| 005 | 20221107155459 |
| 007 | cr ||||||||||| |
| 008 | 180504s2018 onc o f000 0 eng d |
| 040 | |aCaOODSP|beng |
| 043 | |an-cn--- |
| 086 | 1 |aFs70-7/2018-018E-PDF |
| 245 | 00|aStatus report on the knowledge of the fate and behaviour of diluted bitumen in the aquatic ecosystems |h[electronic resource]. |
| 246 | 17|aScience response : |bfate and behaviour of dilbit in the aquatic ecosystems |
| 260 | |aOttawa : |bCentre for Science Advice (CSA), National Capital Region, Fisheries and Oceans Canada, |c2018. |
| 300 | |a23 p. |
| 490 | 1 |aScience response, |x1919-3769 ; |v2018/018 |
| 500 | |aIssued also in French under title: Rapport de situation sur la connaissance du devenir et du comportement du bitume dilué dans les écosystèmes aquatiques. |
| 500 | |aCaption title. |
| 500 | |a"April 2018." |
| 520 | |a"The overarching objective of this Science Response Process (SRP) was to summarize information that has been obtained to date about the fate, behaviour, biological effects, and mitigation techniques for diluted bitumen in order to inform future research work; support current and future emergency response planning/preparedness and operations; as well as to inform the public about recent findings”--Context, p. [1]. |
| 693 | 4|aOil spills |
| 693 | 4|aEnvironmental impact |
| 693 | 4|aAquatic ecosystems |
| 710 | 1 |aCanada. |bDepartment of Fisheries and Oceans. |bNational Capital Region. |
| 710 | 2 |aCanadian Science Advisory Secretariat. |
| 775 | 08|tRapport de situation sur la connaissance du devenir et du comportement du bitume dilué dans les écosystèmes aquatiques |w(CaOODSP)9.856174 |
| 830 | #0|aScience response (Canadian Science Advisory Secretariat)|x1919-3769 ; |v2018/018.|w(CaOODSP)9.506232 |
| 856 | 40|qPDF|s503 KB|uhttps://publications.gc.ca/collections/collection_2018/mpo-dfo/fs70-7/Fs70-7-2018-018-eng.pdf |